000 00341nam a2200145Ia 4500
008 191201s2000 xx 000 0 und d
082 _a677.02824
_bBAW
100 _aBANERJEE, N.N
245 0 _aWeaving Mechanism
250 _a12th
260 _aN. Delhi
_bTandra Banerjee
_c2000
300 _a332
650 _aB.Tech(TE)
942 _2ddc
_cBK
999 _c5211
_d5211